Profinite groups, arithmetic, and geometry /

Guardado en:
Autor Principal: Shatz, Stephen S.
Formato: Libro
Idioma:English
Publicado: [Princeton, N.J.] : Princeton University Press, 1972.
Series:Annals of mathematics studies ; no. 67
Materias:
Acceso en línea:Google Book Search
Etiquetas: Agregar Etiqueta
Sin Etiquetas, Sea el primero en etiquetar este registro!
LEADER 00869nam a2200253 a 4500
001 MAT.inmabb004360
008 720328s1972####nju######b####000#0#eng##
005 20170622164657.0
245 1 0 |a Profinite groups, arithmetic, and geometry /  |c by Stephen S. Shatz. 
260 |a [Princeton, N.J.] :  |b Princeton University Press,  |c 1972. 
300 |a x, 252 p. ;  |c 24 cm. 
440 0 |a Annals of mathematics studies ;  |v no. 67 
504 |a Bibliografía: p. 248-252. 
510 4 |a MR,  |c 50 #279 
020 |a 0691080178 
100 1 |a Shatz, Stephen S. 
650 0 |a Finite groups. 
650 0 |a Homology theory. 
650 0 |a Algebraic number theory. 
084 |a 12B20 (12A65 12B25 12G10 14L20)  |2 MR 
010 |a  77126832  
040 |a DLC  |c DLC  |d DLC 
856 4 |u http://books.google.com/books?vid=ISBN0691080178  |y Google Book Search 
859 |h 12  |i Sh533  |p A-5492  |b BIB. MATEMATICA